<?xml version="1.0" encoding="UTF-8"?>
<collection xmlns="http://www.loc.gov/MARC21/slim">
 <record>
  <leader>01547nam a2200217Ia 4500</leader>
  <controlfield tag="001">CTU_184985</controlfield>
  <controlfield tag="008">210402s9999    xx            000 0 und d</controlfield>
  <datafield tag="082" ind1=" " ind2=" ">
   <subfield code="a">005.07</subfield>
  </datafield>
  <datafield tag="082" ind1=" " ind2=" ">
   <subfield code="b">H556</subfield>
  </datafield>
  <datafield tag="088" ind1=" " ind2=" ">
   <subfield code="a">60480104</subfield>
  </datafield>
  <datafield tag="100" ind1=" " ind2=" ">
   <subfield code="a">Trịnh, Trung Hưng</subfield>
  </datafield>
  <datafield tag="245" ind1=" " ind2="0">
   <subfield code="a">Nghiên cứu phát hiện nhóm môn học quan trọng ảnh hưởng đến kết quả học tập của sinh viên ngành Công nghệ thông tin :</subfield>
  </datafield>
  <datafield tag="245" ind1=" " ind2="0">
   <subfield code="b">Luận văn Thạc sĩ Công nghệ thông tin. Chuyên ngành Hệ thống thông tin</subfield>
  </datafield>
  <datafield tag="245" ind1=" " ind2="0">
   <subfield code="c">Trịnh Trung Hưng ; Đỗ Thanh Nghị, Phạm Nguyên Khang (Người hướng dẫn khoa học)</subfield>
  </datafield>
  <datafield tag="260" ind1=" " ind2=" ">
   <subfield code="a">Cần Thơ</subfield>
  </datafield>
  <datafield tag="260" ind1=" " ind2=" ">
   <subfield code="b">Trường Đại học Cần Thơ</subfield>
  </datafield>
  <datafield tag="260" ind1=" " ind2=" ">
   <subfield code="c">2013</subfield>
  </datafield>
  <datafield tag="520" ind1=" " ind2=" ">
   <subfield code="a">Nội dung đề tài nghiên cứu thực hiện dựa trên giải thuật tập hợp mô hình rừng ngẫu nhiên với mô hình cơ sở là cây quyết định, đề ra giải thuật rút trích thuộc tính đặc trưng với rừng ngẫu nhiên. Từ đó, phát hiện nhóm môn học quan trọng ảnh hưởng đến kết quả xếp loại tốt nghiệp của sinh viên ngành Công nghệ thông tin Trường Đại học Cần Thơ.</subfield>
  </datafield>
  <datafield tag="650" ind1=" " ind2=" ">
   <subfield code="a">Sinh viên,Môn học,Công nghệ thông tin,Students,Information Technology,Course</subfield>
  </datafield>
  <datafield tag="904" ind1=" " ind2=" ">
   <subfield code="i">Thùy An, Trúc</subfield>
  </datafield>
  <datafield tag="980" ind1=" " ind2=" ">
   <subfield code="a">Trung tâm Học liệu Trường Đại học Cần Thơ</subfield>
  </datafield>
 </record>
</collection>
